000
00216nam a2200097Ia 4500
005
20251222175819.0
008
251222s9999||||xx |||||||||||||| ||spa||
082
_a
DVD0080/T48/2006
245
0
_a
Magnolia:
942
_c
DVD
999
_c
40441
_d
40441